Literature and the other arts ; a select bibliography, 1952-1958 /

Bibliographic Details
Corporate Author: Modern Language Association of America. General Topics 9. Bibliography Committee
Other Authors: Neumann, Alfred Robert, 1921-
Format: Book
Language:English
Published: [Norwood, Pa.] : Norwood Editions, 1974.
Subjects:

MARC

Tag First Indicator Second Indicator Subfields
LEADER 00000cam a22000008 4500
001 in00000473913
005 20160617112116.0
008 740517r19741959pau b 00100 eng
010 |a  74009588  
020 |a 0883054647 (lib. bdg.) 
035 |a (OCoLC)00915872 
035 |9 ACA5117AM 
040 |a DLC  |c DLC  |d TXA  |d UtOrBLW 
049 |a [Hum] TXAM  |c [1234437] 
050 0 0 |a Z5931  |b .M53 1974 
050 0 0 |a NX620 
082 0 |a 016.7 
110 2 |a Modern Language Association of America.  |b General Topics 9.  |b Bibliography Committee. 
245 1 0 |a Literature and the other arts ;  |b a select bibliography, 1952-1958 /  |c Collected by the Bibliography Committee of the Modern Language Association's discussion group: Literature and the Other Arts (General Topics 9) Calvin S. Brown [and others] Compiled by Alfred R. Neumann, and edited by David V. Erdman. 
264 1 |a [Norwood, Pa.] :  |b Norwood Editions,  |c 1974. 
300 |a 37 pages ;  |c 26cm. 
336 |a text  |b txt  |2 rdacontent 
337 |a unmediated  |b n  |2 rdamedia 
338 |a volume  |b nc  |2 rdacarrier 
500 |a Reprint of the 1959 edition published by New York Public Library, New York. 
650 0 |a Arts  |v Bibliography. 
700 1 |a Neumann, Alfred Robert,  |d 1921- 
999 |a MARS 
999 f f |s 2ec1cd53-6749-3935-8b30-9723a2365eb7  |i a879d8a9-0bdc-36ac-ad7f-21075f3e19c3  |t 0 
952 f f |p ric  |a Texas A&M University  |b Rellis Campus  |c Joint Library Facility  |d Remote Storage  |t 0  |e Z5931 .M53 1974  |h Library of Congress classification  |i unmediated -- volume  |m A14805791344 
998 f f |a Z5931 .M53 1974  |t 0  |l Remote Storage